<?xml version="1.0" encoding="UTF-8"?>
<record
    xmlns:xsi="http://www.w3.org/2001/XMLSchema-instance"
    xsi:schemaLocation="http://www.loc.gov/MARC21/slim http://www.loc.gov/standards/marcxml/schema/MARC21slim.xsd"
    xmlns="http://www.loc.gov/MARC21/slim">

  <leader>00984nam a22001817a 4500</leader>
  <controlfield tag="008">110913t        xxu||||| |||| 00| 0 eng d</controlfield>
  <datafield tag="020" ind1=" " ind2=" ">
    <subfield code="a">139780072297218 100072297212</subfield>
  </datafield>
  <datafield tag="050" ind1=" " ind2=" ">
    <subfield code="a">BJ1012.B4 </subfield>
  </datafield>
  <datafield tag="100" ind1=" " ind2=" ">
    <subfield code="a">Beauchamp, Tom L. </subfield>
    <subfield code="c">Philosophical ethics : an introduction to moral philosophy / </subfield>
  </datafield>
  <datafield tag="245" ind1=" " ind2=" ">
    <subfield code="a">Philosophical ethics : an introduction to moral philosophy / </subfield>
    <subfield code="c"> Beauchamp. Tom L.</subfield>
  </datafield>
  <datafield tag="250" ind1=" " ind2=" ">
    <subfield code="a">2nd ed.</subfield>
  </datafield>
  <datafield tag="260" ind1=" " ind2=" ">
    <subfield code="a">Boston:</subfield>
    <subfield code="b">McGraw-Hill, </subfield>
    <subfield code="c">c2001.</subfield>
  </datafield>
  <datafield tag="300" ind1=" " ind2=" ">
    <subfield code="a">xii, 400 p. ;</subfield>
    <subfield code="c"> 24 cm</subfield>
  </datafield>
  <datafield tag="500" ind1=" " ind2=" ">
    <subfield code="a">Includes bibliographical references and index.</subfield>
  </datafield>
  <datafield tag="505" ind1=" " ind2=" ">
    <subfield code="a">Contents: Fundamental Questions : Morality and moral philosophy -- Relativity, pluralism, and individuality in morals -- Justification and truth -- Classical Ethical theories : Mill and utilitarian theories -- Kant and deontological theories -- Aristotle and virtue theories -- Hume and Humean theories -- Topics in moral and social philosophy : Rights -- Justice -- Liberty.</subfield>
  </datafield>
  <datafield tag="650" ind1=" " ind2=" ">
    <subfield code="a">Ethics</subfield>
  </datafield>
  <datafield tag="942" ind1=" " ind2=" ">
    <subfield code="2">lcc</subfield>
    <subfield code="c">BK</subfield>
  </datafield>
  <datafield tag="999" ind1=" " ind2=" ">
    <subfield code="c">106</subfield>
    <subfield code="d">7606</subfield>
  </datafield>
  <datafield tag="952" ind1=" " ind2=" ">
    <subfield code="0">0</subfield>
    <subfield code="1">0</subfield>
    <subfield code="2">lcc</subfield>
    <subfield code="4">0</subfield>
    <subfield code="7">0</subfield>
    <subfield code="a">WIUC-1</subfield>
    <subfield code="b">WIUC-1</subfield>
    <subfield code="c">GEN</subfield>
    <subfield code="d">2011-09-13</subfield>
    <subfield code="l">0</subfield>
    <subfield code="o">BJ1012.B4</subfield>
    <subfield code="p">273/11</subfield>
    <subfield code="r">2011-09-13 00:00:00</subfield>
    <subfield code="t">1</subfield>
    <subfield code="w">2011-09-13</subfield>
    <subfield code="y">BK</subfield>
  </datafield>
  <datafield tag="952" ind1=" " ind2=" ">
    <subfield code="0">0</subfield>
    <subfield code="1">0</subfield>
    <subfield code="2">lcc</subfield>
    <subfield code="4">0</subfield>
    <subfield code="7">0</subfield>
    <subfield code="a">WIUC-1</subfield>
    <subfield code="b">WIUC-1</subfield>
    <subfield code="c">GEN</subfield>
    <subfield code="d">2011-09-13</subfield>
    <subfield code="l">0</subfield>
    <subfield code="o">BJ1012.B41</subfield>
    <subfield code="p">274/11</subfield>
    <subfield code="r">2011-09-13 00:00:00</subfield>
    <subfield code="t">2</subfield>
    <subfield code="w">2011-09-13</subfield>
    <subfield code="y">BK</subfield>
  </datafield>
  <datafield tag="952" ind1=" " ind2=" ">
    <subfield code="0">0</subfield>
    <subfield code="1">0</subfield>
    <subfield code="2">lcc</subfield>
    <subfield code="4">0</subfield>
    <subfield code="7">0</subfield>
    <subfield code="a">WIUC-1</subfield>
    <subfield code="b">WIUC-1</subfield>
    <subfield code="c">GEN</subfield>
    <subfield code="d">2011-09-13</subfield>
    <subfield code="l">0</subfield>
    <subfield code="o">BJ1012.B42</subfield>
    <subfield code="p">275/11</subfield>
    <subfield code="r">2011-09-13 00:00:00</subfield>
    <subfield code="t">3</subfield>
    <subfield code="w">2011-09-13</subfield>
    <subfield code="y">BK</subfield>
  </datafield>
  <datafield tag="952" ind1=" " ind2=" ">
    <subfield code="0">0</subfield>
    <subfield code="1">0</subfield>
    <subfield code="2">lcc</subfield>
    <subfield code="4">0</subfield>
    <subfield code="7">0</subfield>
    <subfield code="a">WIUC-1</subfield>
    <subfield code="b">WIUC-1</subfield>
    <subfield code="c">GEN</subfield>
    <subfield code="d">2011-09-13</subfield>
    <subfield code="l">0</subfield>
    <subfield code="o">BJ1012.B43</subfield>
    <subfield code="p">276/11</subfield>
    <subfield code="r">2011-09-13 00:00:00</subfield>
    <subfield code="t">4</subfield>
    <subfield code="w">2011-09-13</subfield>
    <subfield code="y">BK</subfield>
  </datafield>
  <datafield tag="952" ind1=" " ind2=" ">
    <subfield code="0">0</subfield>
    <subfield code="1">0</subfield>
    <subfield code="2">lcc</subfield>
    <subfield code="4">0</subfield>
    <subfield code="7">0</subfield>
    <subfield code="a">WIUC-1</subfield>
    <subfield code="b">WIUC-1</subfield>
    <subfield code="c">GEN</subfield>
    <subfield code="d">2011-09-13</subfield>
    <subfield code="l">0</subfield>
    <subfield code="o">BJ1012.B44</subfield>
    <subfield code="p">277/11</subfield>
    <subfield code="r">2011-09-13 00:00:00</subfield>
    <subfield code="t">5</subfield>
    <subfield code="w">2011-09-13</subfield>
    <subfield code="y">BK</subfield>
  </datafield>
</record>
